Rap Songs With the Same Name - Statistics

General Stats
  • This quiz has been taken 7 times
  • The average score is 6 of 15
Answer Stats
Artist(s) Song % Correct
Post Malone, Quavo / Mac Miller / Drake Congratulations
80%
Travis Scott / Don Toliver 4X4
60%
King Von / Juice WRLD / Pop Smoke Armed & Dangerous
60%
Drake, Kanye West, Lil Wayne, Eminem / Lil Baby Forever
60%
Kanye West / Polo G Heartless
60%
Post Malone, 21 Savage / DaBaby, Roddy Ricch / Mario Judah / LilPayne, NLE Choppa Rockstar
60%
Juice WRLD, Youngboy Never Broke Again / Don Toliver Bandit
40%
2Pac, Outlawz / Lil Loaded Hit 'Em Up
40%
MC Lyte / Foxy Brown 10% Dis
20%
Eminem, Dr. Dre, 50 Cent / JAY-Z, Linkin Park Encore
20%
Eminem / Lil Mosey Kamikaze
20%
Lil Wayne / Lil Tecca Love Me
20%
Juice WRLD / Tee Grizzley Robbery
20%
French Montana, Blueface, Lil Tjay / FBG Duck / Lil Yachty / ¥$ / Fetty Wap / Her, Pop Smoke, A Boogie Wit Da Hoodie, Chris Brown Slide
20%
Travis Scott, Kanye West, Migos / Snoop Dogg / Rihanna, Eminem / DMX / Fivio Foreign, Queen Naija, Coi Leray What's My Name
20%
No matching quizzes found
Score Distribution
Percent of People with Each Score
Percentile by Number Answered
Your Score History
You have not taken this quiz